El mundo precolombino

Bibliographic Details
Main Author: España. OCÉANO
Format: Section = Libro
Language:Undetermined
Spanish
Published: España OCEANO 2001
Subjects:
LEADER 00542nam a2200205Ia 4500
008 240830s9999 xx 000 0 und d
020 |a 84-494-1866-6 
040 |a B-ESTELÍ- RUACS / 972 E77 
041 |a spa 
082 |a 972 E77 
100 1 |a España. OCÉANO 
245 1 0 |a El mundo precolombino 
260 |a España  |b OCEANO  |c 2001 
300 |a 396 p:il 
650 7 |a EL MUNDO PRECOLOMBINO 
650 7 |b  CULTURAS NATIVAS-AMERICA DEL NORTE 
650 7 |c  HABITANTES DE LAS REGIONES FRIAS 
942 |c BK  |2 ddc 
991 |a TEXTO 
999 |c 11669